000 00757nam a22001937a 4500
999 _c11355
_d11355
003 AR-CdUCM
008 190403b ||||| |||| 00| 0 spa d
040 _aMUNICIPALIDAD PROVINCIAL DEL CUSCO
_cBIBLIOTECA MUNICIPAL DEL CUSCO
082 _aEP / 376.13 /
_bB26
100 _aBauzer Medeiros, Ethel
_928683
245 _aJuegos de Recreación /
260 _aBuenos Aires :
_bRuy Diaz,
_c1960.
300 _a174 paginas ;
_bIlustraciones,
_c22 cm.
505 _aContenido :Juegos de arrojar y recoger --Juegos de correr --Juegos de iniciación deportiva --Juegos de obedicencia ordenes y señales --Juegos de patear --Juegos de persecución ...
650 _aEducación primaria
_91561
650 _aJuegos
_916094
942 _2ddc
_cLIBROS
945 _arjall